|
|
|
|
| LEADER |
01205nam a2200325 a 4500 |
| 001 |
c000185016 |
| 003 |
CARM |
| 005 |
20050815142805.0 |
| 008 |
910416s1992 txuab b 001 0 eng |
| 019 |
1 |
|
|a 7936942
|5 LACONCORD2021
|
| 020 |
|
|
|a 0030546184
|
| 035 |
|
|
|a (OCoLC)23356773
|5 LACONCORD2021
|
| 040 |
|
|
|a LC
|b eng
|c LC
|d LC
|
| 050 |
0 |
0 |
|a HF1379
|b .C94 1992
|
| 082 |
0 |
0 |
|a 658/.049
|2 20
|
| 100 |
1 |
|
|a Czinkota, Michael R.
|
| 245 |
1 |
0 |
|a International business /
|c Michael R. Czinkota, Pietra Rivoli, Ilkka A. Ronkainen.
|
| 250 |
|
|
|a 2nd ed.
|
| 260 |
|
|
|a Fort Worth, TX :
|b Dryden Press,
|c c1992.
|
| 300 |
|
|
|a xxiii, 658 p. :
|b ill. (some col.), maps (some col.) ;
|c 27 cm.
|
| 504 |
|
|
|a Includes bibliographical references and indexes.
|
| 650 |
|
0 |
|a International trade.
|
| 650 |
|
0 |
|a International finance.
|
| 650 |
|
0 |
|a Investments, Foreign.
|
| 650 |
|
0 |
|a International business enterprises.
|
| 700 |
1 |
|
|a Ronkainen, Ilkka A.
|
| 700 |
1 |
|
|a Rivoli, Pietra.
|
| 852 |
8 |
|
|b CARM
|h A2:AM23B0
|i D08270
|p 0257711
|f BK
|
| 999 |
f |
f |
|i 7a01aaf9-3a2e-5274-b793-ee90eafe0e88
|s 937ed5d9-db02-5df6-817a-8f40b0174e32
|
| 952 |
f |
f |
|p Can circulate
|a CAVAL
|b CAVAL
|c CAVAL
|d CARM 1 Store
|e D08270
|f A2:AM23B0
|h Other scheme
|i book
|m 0257711
|